Catalog

Record Details

Catalog Search



The first day of school  Cover Image Book Book

The first day of school / written by Margaret McNamara ; illustrated by Mike Gordon.

McNamara, Margaret. (author.). Gordon, Mike, 1948- (illustrator.).

Summary:

Michael can't wait for his first day of school until he discovers his dog can't join him, but when he learns bringing her means she wouldn't be just his, he decides it is better to leave her at home.

Record details

  • ISBN: 9781534485365
  • ISBN: 1534485368
  • ISBN: 9781532144974
  • ISBN: 1532144970
  • Physical Description: 32 pages : color illustrations ; 24 cm.
  • Edition: Simon Spotlight edition.
  • Publisher: New York : Simon Spotlight, 2021.

Content descriptions

Target Audience Note:
450L Lexile
Study Program Information Note:
Accelerated Reader AR LG 1.4 0.5 88756.
Subject: First day of school > Juvenile fiction.
Dogs > Juvenile fiction.
Sharing in children > Juvenile fiction.
First day of school > Fiction.
Schools > Fiction.
Dogs > Fiction.
JUVENILE FICTION / School & Education.
JUVENILE FICTION / Animals / Dogs.
Sharing in children.
Dogs.
First day of school.
Schools.
Genre: School fiction.
Animal fiction.
High interest-low vocabulary books.
Fiction.
Juvenile works.
High interest-low vocabulary books.
School fiction.
Animal fiction.

Available copies

  • 1 of 1 copy available at scottsboropl.

Holds

  • 0 current holds with 1 total copy.
Show Only Available Copies
Location Call Number / Copy Notes Barcode Shelving Location Status Due Date
scottsboropl BR McN 32269001184012 Juvenile - Beginning Reader Available -

LDR 02793cam a2200673Ii 4500
001157498
003SBPL
00520220118174335.0
008210127t20212005nyua j 000 1 eng d
040 . ‡aWIQ ‡beng ‡erda ‡cWIQ ‡dBDX ‡dMOU ‡dOCLCO ‡dQS3 ‡dYDX ‡dJCH ‡dOCLCF ‡dGK8 ‡dOCLCO ‡dTOH ‡dOCL ‡dIUK ‡dUOK ‡dJTH ‡dVP@ ‡dOCLCO
019 . ‡a1201297940 ‡a1253363127 ‡a1257259476
020 . ‡a9781534485365
020 . ‡a1534485368
020 . ‡a9781532144974
020 . ‡a1532144970
035 . ‡a(OCoLC)1242981265 ‡z(OCoLC)1201297940 ‡z(OCoLC)1253363127 ‡z(OCoLC)1257259476
05014. ‡aPZ7.M47879343 ‡bFir 2021
08204. ‡a[E]
1001 . ‡aMcNamara, Margaret. ‡eauthor.
24514. ‡aThe first day of school / ‡cwritten by Margaret McNamara ; illustrated by Mike Gordon.
250 . ‡aSimon Spotlight edition.
264 1. ‡aNew York : ‡bSimon Spotlight, ‡c2021.
264 4. ‡c©2005
300 . ‡a32 pages : ‡bcolor illustrations ; ‡c24 cm.
336 . ‡atext ‡btxt ‡2rdacontent
337 . ‡aunmediated ‡bn ‡2rdamedia
338 . ‡avolume ‡bnc ‡2rdacarrier
4901 . ‡aRobin Hill School
4901 . ‡aReady-to-read
520 . ‡aMichael can't wait for his first day of school until he discovers his dog can't join him, but when he learns bringing her means she wouldn't be just his, he decides it is better to leave her at home.
5260 . ‡aAccelerated Reader AR ‡bLG ‡c1.4 ‡d0.5 ‡z88756.
5218 . ‡a450L ‡bLexile
650 0. ‡aFirst day of school ‡vJuvenile fiction.
650 0. ‡aDogs ‡vJuvenile fiction.
650 0. ‡aSharing in children ‡vJuvenile fiction.
650 1. ‡aFirst day of school ‡vFiction.
650 1. ‡aSchools ‡vFiction.
650 1. ‡aDogs ‡vFiction.
650 7. ‡aJUVENILE FICTION / School & Education. ‡2bisacsh
650 7. ‡aJUVENILE FICTION / Animals / Dogs. ‡2bisacsh
650 7. ‡aSharing in children. ‡2fast ‡0(OCoLC)fst01115280
650 7. ‡aDogs. ‡2fast ‡0(OCoLC)fst00896265
650 7. ‡aFirst day of school. ‡2fast ‡0(OCoLC)fst00925769
650 7. ‡aSchools. ‡2fast ‡0(OCoLC)fst01107958
655 7. ‡aSchool fiction. ‡2fast ‡0(OCoLC)fst02020484
655 7. ‡aAnimal fiction. ‡2fast ‡0(OCoLC)fst01982492
655 7. ‡aHigh interest-low vocabulary books. ‡2fast ‡0(OCoLC)fst01726639
655 7. ‡aFiction. ‡2fast ‡0(OCoLC)fst01423787
655 7. ‡aJuvenile works. ‡2fast ‡0(OCoLC)fst01411637
655 7. ‡aHigh interest-low vocabulary books. ‡2lcgft
655 7. ‡aSchool fiction. ‡2lcgft
655 7. ‡aAnimal fiction. ‡2lcgft
7001 . ‡aGordon, Mike, ‡d1948 March 16- ‡eillustrator.
830 0. ‡aReady-to-read. ‡nLevel one, ‡pStar reader!
8001 . ‡aMcNamara, Margaret. ‡tRobin Hill School.
938 . ‡aBrodart ‡bBROD ‡n128008032
938 . ‡aYBP Library Services ‡bYANK ‡n17013747
994 . ‡aZ0 ‡bMWL
948 . ‡hNO HOLDINGS IN MWL - 244 OTHER HOLDINGS
901 . ‡a157498 ‡b ‡c157498 ‡tbiblio

Additional Resources